<?xml version="1.0" encoding="UTF-8"?><?xml-stylesheet type="text/xsl" href="static/style.xsl"?><OAI-PMH xmlns="http://www.openarchives.org/OAI/2.0/" xmlns:xsi="http://www.w3.org/2001/XMLSchema-instance" xsi:schemaLocation="http://www.openarchives.org/OAI/2.0/ http://www.openarchives.org/OAI/2.0/OAI-PMH.xsd"><responseDate>2026-06-01T04:36:21Z</responseDate><request verb="GetRecord" identifier="oai:riuma.uma.es:10630/18156" metadataPrefix="marc">https://riuma.uma.es/rest/oai/request</request><GetRecord><record><header><identifier>oai:riuma.uma.es:10630/18156</identifier><datestamp>2026-02-03T12:06:42Z</datestamp><setSpec>com_10630_2254</setSpec><setSpec>col_10630_37959</setSpec></header><metadata><record xmlns="http://www.loc.gov/MARC21/slim" xmlns:dcterms="http://purl.org/dc/terms/" xmlns:doc="http://www.lyncode.com/xoai" xmlns:xsi="http://www.w3.org/2001/XMLSchema-instance" xsi:schemaLocation="http://www.loc.gov/MARC21/slim http://www.loc.gov/standards/marcxml/schema/MARC21slim.xsd">
   <leader>00925njm 22002777a 4500</leader>
   <datafield ind2=" " ind1=" " tag="042">
      <subfield code="a">dc</subfield>
   </datafield>
   <datafield ind2=" " ind1=" " tag="720">
      <subfield code="a">Caballero-Sánchez, Paula María</subfield>
      <subfield code="e">author</subfield>
   </datafield>
   <datafield ind2=" " ind1=" " tag="260">
      <subfield code="c">2019-07-26</subfield>
   </datafield>
   <datafield ind2=" " ind1=" " tag="520">
      <subfield code="a">Entre los manuscritos que conservan el tratado Caelestia de Cleomedes (s. III d. C.) junto con los escolios antiguos, se encuentran el Edinburgh, Advocates’ State Library, 18.7.15 y el Bruxelles, Bibliothèque Royale Albert I, 4476-78. El primero, un manuscrito planudeo (s. XIII ex.), es de gran importancia para la transmisión de los Caelestia y sus escolios antiguos, algunos de los cuales fueron incluidos por Juan Pediásimo en su Comentario a Cleomedes. Sin embargo, el segundo testimonio, que suele datarse a finales del s. XIII, no ha sido estudiado ni desde un punto de vista paleógrafico ni textual por lo que respecta al corpus de escolios antiguos. En la presente comunicación pretendemos abordar el estudio del códice bruselense y del texto de Cleomedes contenido en él (con especial atención a los escolios antiguos) a fin de presentar una nueva datación y conocer el contexto histórico de la copia en la transmisión de la obra de Cleomedes durante los primeros años paleólogos.</subfield>
   </datafield>
   <datafield ind1="8" ind2=" " tag="024">
      <subfield code="a">https://hdl.handle.net/10630/18156</subfield>
   </datafield>
   <datafield tag="653" ind2=" " ind1=" ">
      <subfield code="a">Filología Griega</subfield>
   </datafield>
   <datafield ind2="0" ind1="0" tag="245">
      <subfield code="a">La transmisión de los Caelestia de Cleomedes  en los primeros años paleólogos:  El manuscrito Bruxelles, Bibliothèque Royale Albert I, 4476-78</subfield>
   </datafield>
</record>
</metadata></record></GetRecord></OAI-PMH>